| 000 | 00731nam a2200265Ia 4500 | ||
|---|---|---|---|
| 001 | 17110 | ||
| 005 | 20240113235745.0 | ||
| 007 | ta | ||
| 008 | 051227s1955 g b000 u 465 u | ||
| 040 | _aCotton College,Assam | ||
| 041 | _a465 | ||
| 082 |
_a320.12 _bH 326 H |
||
| 100 | _aHayes, Carlton J.H. . | ||
| 245 | 0 |
_aThe Historical Evolution of Modern Nationalism / _cCarlton J.H.Hayes. _hTextual Documents |
|
| 250 | _a5th ed. / | ||
| 260 |
_aNew York : _bMacmillan and co , _c1955. |
||
| 300 |
_avi,327p. ; _c22cm. |
||
| 653 | _aHistorical Evolution | ||
| 653 | _aG-Political Science | ||
| 653 | _aT/G-Political Science | ||
| 942 |
_2ddc _cBK |
||
| 999 |
_c17092 _d17092 |
||